| 000 | 00454nam a2200193Ia 4500 | ||
|---|---|---|---|
| 003 | OSt | ||
| 005 | 20251117153748.0 | ||
| 008 | 250729s2005 xx 000 0 und d | ||
| 040 | _cAL | ||
| 041 | _aeng | ||
| 082 | _a910.7 BASM | ||
| 100 |
_aBasha Salim _9224451 |
||
| 245 | _aGeography-methods of teaching | ||
| 260 |
_aNew Delhi _c2005 |
||
| 300 | _a307p | ||
| 650 |
_aGeography _9224452 |
||
| 700 |
_aRao Digumurthi _9224453 |
||
| 942 |
_2ddc _cBED |
||
| 999 |
_c236416 _d236416 |
||